Teoría, ejercicios y problemas de química

Uloženo v:
Podrobná bibliografie
Hlavní autor: Domínguez, Xorge A (Autor)
Médium: Kniha
Jazyk:španělština
Vydáno: Ciudad de México Publicaciones Cultural 1966
Edice:Cultural
Témata:
Tagy: Přidat tag
Žádné tagy, Buďte první, kdo vytvoří štítek k tomuto záznamu!

MARC

LEADER 00000nam a2200000 a 4500
001 UCT1464
003 CL-VaPUC
008 960927e19660000MX |||||||||||||||||spa|d
082 0 4 |a 540  |b DOM  |2 21 
100 0 |a Domínguez, Xorge A  |e author  |9 370374 
245 1 0 |a Teoría, ejercicios y problemas de química 
300 |a 279 p 
942 |c BK 
945 |d 19960927 00:00:00  |a paguirre 
260 |a Ciudad de México  |b Publicaciones Cultural  |c 1966 
650 0 |a Química  |9 259896 
650 0 |a Ecuaciones  |9 260137 
650 0 |a Gases  |9 260945 
650 0 |a Estados de la Materia  |9 347141 
650 0 |a Líquidos  |9 260946 
650 0 |a Cinética  |9 260943 
650 7 |a EQUILIBRIOS QUIMICOS  |2 CL-VaPUC  |9 336637 
650 0 |a Termodinámica   |9 259320 
650 7 |a QUIMICA CUANTICA  |2 CL-VaPUC  |9 370375 
583 |a last modification  |c 19960927 00:00:00  |k Rodrigo Vera 
490 0 |a Cultural 
999 |c 251986  |d 251984 
952 |0 0  |1 0  |4 0  |6 540_000000000000000_DOM_1966  |7 0  |8 A  |9 271548  |a BIBCUR  |b BIBCUR  |d 2019-11-19  |i 2621312  |o 540 DOM 1966  |p 2621312  |r 2025-04-22  |w 2019-11-19  |y BK  |k BCB